Soziologie, Weltgeschichtliche Analysen, Politik

Αποθηκεύτηκε σε:
Λεπτομέρειες βιβλιογραφικής εγγραφής
Κύριος συγγραφέας: Weber, Max, 1864-1920
Άλλοι συγγραφείς: Winckelmann, Johannes (Επιμελητής έκδοσης)
Μορφή: Βιβλίο
Γλώσσα:German
Δημοσίευση: Stuttgart : Alfred Kroner, [1968]
Έκδοση:4η έκδ.
Σειρά:Kroners Taschenausgabe ; ; 229
Θέματα:
Ετικέτες: Προσθήκη ετικέτας
Δεν υπάρχουν, Καταχωρήστε ετικέτα πρώτοι!

MARC

LEADER 00000cam a2200000 i 4500
001 1/30373
008 060529s1968 gw ger d
035 |l 10084132 
040 |a GR-MY-UA  |b gre  |e aacr 
041 0 |a ger 
082 0 |a 301.08  |2 (22) 
100 1 |a Weber, Max,   |d 1864-1920. 
245 1 0 |a Soziologie, Weltgeschichtliche Analysen, Politik /  |c Max Weber ; mit einer Einleitung von Eduard Baumgarten ; herausgegeben und erlautert von Johannes Winckelmann 
250 |a 4η έκδ. 
260 |a Stuttgart :   |b Alfred Kroner,   |c [1968] 
300 |a xxxvi, 582 σ.;  |c 18 εκ. 
490 1 |a Kroners Taschenausgabe  |v ; 229 
504 |a Βιβλιογραφία: σ. 508-510 
600 1 0 |a Weber, Max,   |d 1864-1920  |x Bibliography. 
650 0 0 |a Social sciences. 
700 1 |a Winckelmann, Johannes.  |4 edt 
830 0 |a Kroners Taschenausgabe ;  |v ; 229 
852 |a INST  |b RHODES  |c KRI  |e 20060529  |h  301.08 WEB  |p 005400020711  |q 005400020711  |t BK  |y 0 
901 |a BIBL4-2006-2 
909 |a Ρ  |b 123720 
970 |a ΚΟΖΑ  |b ΜΑΡΙΑ  |z 2006/05/29